Love and life behind the purdah / (Record no. 14839)

MARC details
000 -LEADER
fixed length control field 00971nam a22002417a 4500
005 - DATE AND TIME OF LATEST TRANSACTION
control field 20180728122138.0
008 - FIXED-LENGTH DATA ELEMENTS--GENERAL INFORMATION
fixed length control field 080813t xxu||||| |||| 00| 0 eng d
010 ## - LCCN (DPL NO)
LC control number B-260419
020 ## - INTERNATIONAL STANDARD BOOK NUMBER
International Standard Book Number 0195650263
Terms of availability 325.00
020 ## - INTERNATIONAL STANDARD BOOK NUMBER
International Standard Book Number 9780195650266
Terms of availability 325.00
035 ## - SYSTEM CONTROL NUMBER
System control number B-260419, B-106884, B-106886
037 ## - SOURCE OF ACQUISITION
Stock number Pansy Books/720/13.03.08/172/24.12.07/19.05.08
Source of stock number/acquisition Pansy Books(Vender)
040 ## - CATALOGING SOURCE
Original cataloging agency DPL
Language of cataloging ENG
082 ## - DEWEY DECIMAL CLASSIFICATION NUMBER
Classification number 883.912
100 ## - MAIN ENTRY--PERSONAL NAME
Personal name Sorabji, Cornelia
245 ## - TITLE STATEMENT
Title Love and life behind the purdah /
Statement of responsibility, etc by Cornelia Sorabji; edited by Chandani Lokuge
260 ## - PUBLICATION, DISTRIBUTION, ETC. (IMPRINT)
Place of publication, distribution, etc New Delhi
Name of publisher, distributor, etc Oxford University Press
Date of publication, distribution, etc 2003
270 ## - ADDRESS
Address YMCA Library Building, Jai Singh Road,
City New Delhi
Postal code 110001
300 ## - PHYSICAL DESCRIPTION
Extent xlii ,142p.
Dimensions 22cm (HB)
700 ## - ADDED ENTRY--PERSONAL NAME
Personal name Lokuge, Chandani
942 ## - ADDED ENTRY ELEMENTS (KOHA)
Source of classification or shelving scheme Dewey Decimal Classification
Item type English Books
Classification part 883.912
Call number suffix SOR
Holdings
Withdrawn status Lost status Damaged status Not for loan Collection code Home library Current library Date acquired Source of acquisition Cost, normal purchase price Total Checkouts Total Renewals Full call number Barcode Date last seen Copy number Cost, replacement price Koha item type Source of classification or shelving scheme
        Fiction Patel Nagar Patel Nagar 07/07/2018 BPPD/Pub 325.00     883.912 SOR B-106884 07/07/2018   325.00 English Books Dewey Decimal Classification
        Non-fiction Sarojini Nagar Sarojini Nagar 20/08/2008 Pansy Books/720/13.03.08/172/24.12.07/19.05.08 325.00 2 1 883.912 SOR B-260419 01/01/2024 1 325.00 English Books  
        Non-fiction Shahdara Branch Shahdara Branch 28/07/2018 BPPD/PUB 325.00     883.912 SOR B-106886 28/07/2018   325.00 English Books Dewey Decimal Classification
        Fiction Yojana Vihar Yojana Vihar 24/09/2019 BPPD/PUB 325.00     883.912 SOR B-106887 24/09/2019   325.00 English Books Dewey Decimal Classification

© Delhi Public Library
Hit Counter
free hit counter